Sports Quiz

Random Sports or MLB Quiz

1908 MLB Teams Quiz Stats

 Plays Quiz not verified by Sporcle

Score 0/16 Timer 03:00
0 Plays Today
AL/NL Team % Correct
American LeagueBoston Red Sox
97.5%
National LeagueCincinnati Reds
97.5%
National LeagueChicago Cubs
92.2%
American LeagueChicago White Sox
91.9%
National LeagueNew York Giants
90.9%
National LeaguePittsburgh Pirates
89.7%
National LeagueSt. Louis Cardinals
87.2%
American LeagueDetroit Tigers
85.9%
AL/NL Team % Correct
American LeaguePhiladelphia Athletics
82.5%
National LeaguePhiladelphia Phillies
80.9%
American LeagueWashington Senators
79.4%
American LeagueSt. Louis Browns
72.2%
American LeagueNew York Highlanders
61.3%
American LeagueCleveland Naps
45.9%
National LeagueBrooklyn Superbas
25.9%
National LeagueBoston Doves
11.9%

You're not logged in!

Compare scores with friends on all Sporcle quizzes.
OR
Log In

Show Comments

Extras

Top Quizzes Today


Score Distribution

Your Account Isn't Verified!

In order to create a playlist on Sporcle, you need to verify the email address you used during registration. Go to your Sporcle Settings to finish the process.

Report this User

Report this user for behavior that violates our Community Guidelines.

Details: